Datum a čas kvízu
34
Celkem bodů
Celkový počet nahraných bodů na tomto kvízu bez doplňovacích otázek.
4.
Pořadí na kvízu
Konečné umístění týmu na tomto kvízu.
Zaznamenané odpovědi
| # | Otázka | Odpověď | Body | Výsledky |
|---|---|---|---|---|
| 1. | Nezvykle brzy letos vykvetly n... | Jizerka | 0 | |
| 2. | Na českém internetu se objevil... | vrtulník | 1 | |
| 3. | Rozhořčení občané jednoho měst... | v Táboře | 0 | |
| 4. | Andrej Babiš se na sociálních... | Věra Jourová | 1 | |
| 5. | MMA zápasník Jiří Procházka si... | Las Vegas, Aleksandar Rakić | 0.5 | |
| 6. | V pěti otázkách tohoto tématu... | na 2. stupni | 0 | |
| 7. | Jaká je denní dávka kuchyňské... | B | 1 | |
| 8. | Tato sůl získala své růžové zb... | himálajská | 1 | |
| 9. | Jak zní obchodní název takzvan... | Praganda | 1 | |
| 10. | Chcete-li si užít blahodárného... | D) Bad Ischl | 0 |